La Biblia en su entorno / Ignacio Carbajosa, Joaquín González Echegaray & Francisco Varo (Registro nro. 45038)
[ vista simple ]
| 000 -LÍDER | |
|---|---|
| Campo fijo de descripción fija | 013250000a22001690004500 |
| 001 - NÚMERO DE CONTROL | |
| Campo de control | 18622 |
| 020 ## - NÚMERO INTERNACIONAL NORMALIZADO PARA LIBROS | |
| Número Internacional Normalizado del libro | 978-84-9945-628-7 |
| 082 04 - NÚMERO DE CLASIFICACIÓN DECIMAL DEWEY | |
| Número de clasificación | R 220.61 G6439c |
| 100 1# - ASIENTO PRINCIPAL--NOMBRE PERSONAL | |
| Nombre personal | Carbajosa, Ignacio |
| 245 10 - TÍTULO | |
| Título del Material | La Biblia en su entorno / Ignacio Carbajosa, Joaquín González Echegaray & Francisco Varo |
| 260 ## - PUBLICACIÓN, DISTRIBUCIÓN, ETC. (PIE DE IMPRENTA) | |
| Lugar de publicación, distribución, etc. | Estella, Navarra : Verbo Divino |
| 300 ## - DESCRIPCIÓN FÍSICA | |
| Extensión | 652 páginas |
| 501 ## - NOTA DE “CON” | |
| Nota de Contenido | rústico |
| 505 00 - NOTA DE CONTENIDO | |
| Nota de contenido con formato preestablecido | Geografía y arqueología bíblicas -- Geología -- Teología de la Tierra Santa -- El método arqueológico -- Periodos arqueológicos -- Los yacimientos arqueológicos y la Biblia -- Historia social y religiosa de Israel en los tiempos bíblicos -- La investigación acerca de la historia de Israel -- La población de Canaán durante el Bronce Reciente -- El asentamiento de Israel en Canaán -- La transición hacia la monarquía -- Los orígenes de la monarquía -- Primeras consideraciones sobre el rey y el templo -- El reino de Israel -- El reino de Judá -- El destierro -- La restauración de Judá bajo los persas -- Palestina helenística -- Palestina romana -- El texto de la Biblia y la crítica textual -- Lengua y escrituras bíblicas -- El texto del Nuevo Testamento -- Crítica textual del Antiguo Testamento y del Nuevo Testamento |
| 650 14 - ASIENTO SECUNDARIO DE MATERIA - TERMINO TEMÁTICO | |
| Término temático o nombre geográfico como elemento de entrada | ARQUEOLOGIA BIBLICA \ ISRAEL - HISTORIA |
| 942 ## - TIPO DE MATERIAL (KOHA) | |
| Tipo de Item KOHA | Libros de Referencia |
| Estado de Material | Estado de Perdido | Estado de Dañado | No para Préstamo | Colección | Tomo | Biblioteca de Origen | Biblioteca Permanente | Fecha de Adquisición | Total de Préstamos | Total de Renovaciones | Signatura Topográfica | Código de Barras | Última vez visto | Última vez Préstado | Ejemplar/Existencia | Fecha de Remplazo | Tipo de Material |
|---|---|---|---|---|---|---|---|---|---|---|---|---|---|---|---|---|---|
| Colección de Referencia | Biblioteca FUSBC | Biblioteca FUSBC | 25/09/2014 | 9 | 1 | R 220.61 G6439c | 18607 | 29/07/2025 | 19/01/2024 | 1 | 26/01/2016 | Libros de Referencia |
